00578nam a2200193Ia 450000500170000000800410001701600140005804000240007205000150009608200110011110000290012224500950015126000380024630000250028456300100030965000210031965000190034065000250035920260401141703.0210303s9999 xx 000 0 und d 2reto2022b aNLNbEnglisheAACR2 aDS35b.S45 a950.42 aSEN, Chanakya Pseudeaut 0aAgainst the cold war :ba study of Asian- American policies since World war II /cP.C. Sen aBombay :bAsia Pub. House ,c1962 a288p. :bmap. ;23cm. a(pbk) aAfricavPolitics aAsiavpolitics aworld politicsv1945